| 000 | 00573nam a22001817a 4500 | ||
|---|---|---|---|
| 003 | UA-OsUOA | ||
| 001 | 17479 | ||
| 007 | ta | ||
| 008 | 20040309b un ||||| |||| 00| 0 ukr d | ||
| 100 | _aКопач І. | ||
| 942 | _cSA | ||
| 040 |
_aUA-OsUOA _cUA-OsUOA _dUA-OsUOA |
||
| 245 |
_aПрацювати , щоб працювали люди _b[Рівнен. обл. центр зайнятості за підсумками 2003 р.] |
||
| 300 | _aС.4 | ||
| 955 | _a0 | ||
| 773 | 0 |
_w0 _tСім днів _dРівне _d2004 _g№9/ 27 лют./ |
|
| 650 | 7 |
_aЗайнятість _2UDC |
|
| 999 |
_c303647 _d303647 |
||